Statistics for IMDB Top 50 Films by Poster

Click here to take the quiz!

General Stats

  • This quiz has been taken 499 times
  • The average score is 36 of 50

Answer Stats

Answer% Correct
{Back} to the {Future}
94%
{Forrest} {Gump}
94%
The {Matrix}
94%
The {Silence} of the {Lambs}
93%
{Gladiator}
92%
The {Godfather}
92%
{Pulp} {Fiction}
91%
{Fight} {Club}
90%
The {Dark} {Knight}
90%
The {Lion} {King}
90%
{Saving} {Private} {Ryan}
88%
The {Pianist}
88%
{Star} {Wars}:
{Episode} {IV} –
A {New} {Hope}
87%
{Inception}
86%
{Interstellar}
84%
{Parasite}
83%
The {Green} {Mile}
82%
{Goodfellas}
81%
The {Godfather}:
{Part} {II}
81%
{Seven}
80%
The {Good}, the {Bad}
and the {Ugly}
80%
The {Shawshank} {Redemption}
80%
{Schindler}'{s} {List}
79%
{Terminator} {2}:
{Judgment} {Day}
76%
The {Usual} {Suspects}
74%
{Psycho}
73%
The {Lord} of the {Rings}:
The {Two} {Towers}
73%
{Casablanca}
71%
{Spider}-{Man}:
{No} {Way} {Home}
69%
The {Departed}
69%
The {Lord} of the {Rings}:
The {Fellowship} of the {Ring}
68%
{One} {Flew} {Over}
the {Cuckoo}'{s} {Nest}
67%
The {Lord} of the {Rings}:
The {Return} of the {King}
67%
{Whiplash}
67%
{Star} {Wars}:
{Episode} {V} –
The {Empire} {Strikes} {Back}
66%
{American} {History} {X}
64%
{Leon}
64%
{Spirited} {Away}
64%
{Rear} {Window}
63%
The {Prestige}
60%
{Life} is {Beautiful}
58%
{12} {Angry} {Men}
55%
{It}'{s} a {Wonderful} {Life}
54%
{Seven} {Samurai}
50%
{Once} {Upon} a {Time}
in the {West}
46%
{Untouchable}
46%
{Grave} of the {Fireflies}
42%
{City} of {God}
36%
{Cinema} {Paradiso}
33%
{Harakiri}
24%

Score Distribution

Percentile by Number Answered

Percent of People with Each Score

Your Score History

You have not taken this quiz